| 000 | 00714nam a2200229 a 4500 | ||
|---|---|---|---|
| 003 | PILC | ||
| 005 | 20160204142535.0 | ||
| 008 | 091207s19uu xx 00 eng d | ||
| 020 | _a9781412960960 | ||
| 050 |
_aBF 38.5 _b.G65 2010 |
||
| 100 | _aGolfinger, Karen. | ||
| 245 |
_aPsychological assessment and report writing / _cKaren Golfinger, Andrew M. Pomerantz. |
||
| 260 |
_aLos Angeles : _bSage Publications, _c2010. |
||
| 300 |
_a147 pages ; _c25 cm. |
||
| 500 | _aIncludes bibliographical references and indexes. | ||
| 650 |
_aPsychology _xMethodology. |
||
| 650 | _aBehavioral assessment. | ||
| 650 | _aReport writing. | ||
| 700 | _aPomerantz, Andrew M. | ||
| 942 |
_cBK _2lcc _kFOR |
||
| 999 |
_c23762 _d23762 |
||